Sports Quiz

Random Sports or Hockey Quiz

Any Player Besides Wayne Gretzky Quiz Stats

 Plays Quiz Updated Sep 5, 2017

Challenge
Share
Tweet
Embed
Score 0/15 Timer 04:00
0 Plays Today
Hint Answer % Correct
Tallied over 1750 regular season points. (6)Mark Messier, Gordie Howe...
96.3%
Member of the '50 goals in 50 games' club. (4) Maurice Richard, Mike Bossy...
85%
Their jersey number was retired by two NHL teams. (5)Gordie Howe, Bobby Hull...
77.7%
Scored more than 100 playoff goals over the course of their career. (3)Mark Messier, Jari Kurri...
76.9%
Achieved at least 5 100-point seasons. (16)Mike Bossy, Sidney Crosby...
76.7%
Was awarded the Lou Marsh Trophy as 'Canada's Top Athlete'. (8)Sidney Crosby, Mario Lemieux...
74.3%
Holds a career plus-minus statistic exceeding +500. (4)Larry Robinson, Bobby Orr...
67.1%
Saw their Hall of Fame waiting period waived for immediate entry. (9)Ted Lindsay, Red Kelly...
65.6%
Hint Answer % Correct
Has a net worth of over 60 million. (USD) (9)Mario Lemieux, Pavel Bure...
61.9%
Won the Stanley Cup with the Oilers and played for the Kings during the '93 Finals. (4)Jari Kurri, Marty McSorley...
58%
Won at least 4 Stanley Cups as team captain. (5)Jean Béliveau, Denis Potvin...
55.4%
Was awarded the Hart, Art Ross and Lady Byng trophies. (3)Stan Mikita, Bobby Hull...
42.4%
Was appointed Companion of the Order of Canada. (2)Jean Béliveau, Maurice Richard.
36.2%
Was awarded all three stars at the end of a regular season game. (5)Saku Koivu, Mats Sundin...
33.9%
International Ice Hockey Federation Centennial All-Star team member. (5)Vladislav Tretiak, Viacheslav Fetisov...
22.9%

You're not logged in!

Compare scores with friends on all Sporcle quizzes.
Join for Free
OR
Log In

You Might Also Like...

Show Comments

Extras

Top Quizzes Today


Score Distribution

Your Account Isn't Verified!

In order to create a playlist on Sporcle, you need to verify the email address you used during registration. Go to your Sporcle Settings to finish the process.

Report this User

Report this user for behavior that violates our Community Guidelines.

Details: